Statistics for US States With The Highest Percentage of Mexicans

Click here to take the quiz!

General Stats

  • This quiz has been taken 74 times
  • The average score is 14 of 15

Answer Stats

PercentageState% Correct
32.3California
100%
31.5New Mexico
100%
33.7Texas
100%
27.8Arizona
99%
21.6Nevada
97%
10.0Washington
96%
10.6Oregon
93%
9.6Kansas
91%
10.7Utah
91%
15.8Colorado
88%
10.8Idaho
88%
8.5Oklahoma
87%
7.7Wyoming
79%
7.9Nebraska
78%
13.4Illinois
76%

Score Distribution

Percentile by Number Answered

Percent of People with Each Score

Your Score History

You have not taken this quiz